000 01151nam a22002537a 4500
003 OSt
005 20251002170908.0
008 240403b ||||| |||| 00| 0 eng d
040 _c0
082 _aDPer 621.317 Ie21 October 2022 v. 37 n. 10
100 _aZhu, Bingda.
_eauthor.
_955947
245 _aAC voltage synthesis using arbitrary two-phase voltages :
_bfrequency, phase, and amplitude modulation for direct AC–AC power conversion /
_cBingda Zhu, Chuang Liu, Dongbo Guo, Lingguo Kong, Guowei Cai, Heyang Sun, and Xinming Shao.
260 _aNew York ;
_bThe Institute of Electrical and Electronics Engineers, Inc. ,
_cOctober 2022.
300 _aVolume 37, pages 11855-11864 :
_billustration ;
_c28 cm.
500 _aIEEE Transactions on Power Electronics, v. 37, n. 10, pages 11855-11864, October 2022.
700 _aZhu, Bingda.
_eauthor.
_955947
700 _aLiu, Chuang.
_eauthor.
_955948
700 _aGuo, Dongbo.
_eauthor.
_955949
700 _aKong, Lingguo.
_eauthor.
_955950
700 _aCai, Guowei.
_eauthor.
_955951
700 _aSun, Heyang.
_eauthor.
_955952
700 _aShao, Xinming.
_eauthor.
_955953
942 _2ddc
_cPER
999 _c19989
_d19989